000 00367pab a2200145 454500
008 180718b1987 xxu||||| |||| 00| 0 eng d
100 _aVohra, B.B
245 _aWhen minor becomes major
_bSome problems of ground water management
260 _c1987
300 _a9-15
362 _aMar.
650 _aWater, Underground
773 _aCivic Affairs
909 _a20660
999 _c20660
_d20660